| 000 | 00887nam a2200229 a 4500 | ||
|---|---|---|---|
| 001 | 64680 | ||
| 003 | BD-RjUL | ||
| 005 | 20211209081332.0 | ||
| 008 | 170219r20051998bg |||| |||| 000 0 ben d | ||
| 020 |
_a9844014662 _c: Tk. 100.00 |
||
| 035 | _a(BD-RjUL)64810 | ||
| 040 |
_aBD-RjUL _bben _cBD-RjUL _dBD-RjUL |
||
| 041 | _aben | ||
| 082 |
_223 _a954.92 _bGUA 2005 |
||
| 100 | 1 |
_aগুপ্ত, সন্তোষ _9170417 |
|
| 245 | 1 |
_aএকুশের চেতনা ও আজকের বাংলাদেশ / _cসন্তোষ গুপ্ত |
|
| 260 |
_aঢাকা : _bআগামী প্রকাশনী ; _c১৯৯৮ [পুন: মুদ্রণ ২০০৫] |
||
| 300 |
_a১১২ পৃ. ; _c১৯ সেমি. |
||
| 650 |
_aবাংলা ভাষা আন্দোলন _9191932 |
||
| 650 |
_a Bengali language movement _9191932 |
||
| 942 |
_2ddc _cBK |
||
| 999 |
_c64680 _d64680 |
||